000 01561 a2200253 4500
003 NALT
005 20250721142240.0
008 250612b th ||||| |||| 00| 0 tha d
020 _a9786168282328
040 _aNALT
050 _aQ 335
_bว321อ 2566
100 0 _aวราภรณ์ พรหมวิอินทร์.
_943844
245 1 0 _aAI/ML future foundation /
_cวราภรณ์ พรหมวิอินทร์.
250 _aพิมพ์ครั้งที่ 1.
260 _aนนทบุรี :
_bคอร์ฟังก์ชั่น,
_c2566.
300 _a440 หน้า :
_bภาพประกอบ, ตาราง, แผนภูมิ ;
_c21 ซม.
505 2 _aส่วนที่ 1 AI อยู่รอบตัวเรา -- ส่วนที่ 2 AI คิดได้อย่างไร? -- ส่วนที่ 3 Machine Learning ตัวขับเคลื่อนสำคัญต่อ AI -- ส่วนที่ 4 อยากมี AI ใช้ในองค์กร มีวิธีไหนบ้าง? -- ส่วนที่ 5 คอร์สเรียนลัด Machine Learning -- ส่วนที่ 6 ChatGPT จะเปลี่ยนโลก?.
650 4 _aปัญญาประดิษฐ์
_930014
650 4 _aการเรียนรู้ของเครื่อง
_946357
942 _cGB
_2lcc
996 _ajidapa.t
_bACQSTF
_c2025-06-12
996 _avaree.k
_bLIBSTF
_c2025-06-30
996 _ajamriang.p
_bCATSTF
_c2025-07-21
999 _c106821
_d106821
998 _j1020
_k นางจำเรียง ระวังสำโรง